000 00566nam a22002297a 4500
003 UA-OsUOA
001 26503
007 ta
008 20040604b un ||||| |||| 00| 0 ukr d
090 _a53
_bП78
942 _cBK
040 _aUA-OsUOA
_brus
_cUA-OsUOA
_dUA-OsUOA
245 _aПроблемы теоретической физики
_cРед. В.Г.Барьяхтар
300 _a320 с.
955 _a0
041 _arus
080 _a53
260 _aКиев
_bНаукова думка
_c1986
044 _aUA
650 7 _2UDC
999 _c312828
_d312828